Statistics for Countries With the Highest Waves Ever Surfed🏄🌊

Click here to take the quiz!

General Stats

  • This quiz has been taken 52 times
  • The average score is 4 of 5

Answer Stats

PlaceCountry% Correct
TasmaniaAustralia
90%
TahitiFrance
83%
MauiUnited States
83%
Puerto EscondidoMexico
81%
NazarePortugal
81%

Score Distribution

Percentile by Number Answered

Percent of People with Each Score

Your Score History

You have not taken this quiz